| 000 | 01600nam a22004097a 4500 | ||
|---|---|---|---|
| 001 | 2049594 | ||
| 003 | OSt | ||
| 005 | 20260220144736.0 | ||
| 008 | 260220b |||||||| |||| 00| 0 eng d | ||
| 010 | _a 93006949 | ||
| 020 |
_a096340301X _c$59.95 |
||
| 035 | _a2049594 | ||
| 040 |
_aKMU _cKMU _dKMU |
||
| 043 | _an-cn--- | ||
| 050 | 0 | 0 |
_aQH75.A1 _bE24 1993 |
| 245 | 0 | 0 |
_aEcological integrity and the management of ecosystems / _cedited by Stephen Woodley, James Kay, George Francis. |
| 260 |
_aDelray Beach, FL : _bSt. Lucie Press, _cc1993. |
||
| 300 |
_aviii, 220 p. : _bill. ; _c24 cm. |
||
| 336 |
_atext _btxt _2rdacontent |
||
| 337 |
_aunmediated _bn _2rdamedia |
||
| 338 |
_avolume _bnc _2rdacarrier |
||
| 500 | _aProceedings of a conference held in April 1991 at the University of Waterloo. | ||
| 500 | _a"Sponsored by Heritage Resources Centre, University of Waterloo and Canadian Parks Service, Ottawa". | ||
| 504 | _aIncludes bibliographical references. | ||
| 650 | 0 |
_aEcosystem management _xCongresses. |
|
| 650 | 0 |
_aEcological integrity _xCongresses. |
|
| 650 | 0 |
_aEcosystem management _zCanada _xCongresses. |
|
| 650 | 0 |
_aEcological integrity _zCanada _xCongresses. |
|
| 700 | 1 |
_aWoodley, Stephen J. _q(Stephen Jerome), _d1951- |
|
| 700 | 1 |
_aKay, James _q(James J.) |
|
| 700 | 1 |
_aFrancis, George R . _q(George Reid) |
|
| 710 | 2 | _aHeritage Resources Centre. | |
| 710 | 2 | _aCanadian Parks Service. | |
| 856 | 4 | 2 |
_3Publisher description _uhttp://www.loc.gov/catdir/enhancements/fy0744/93006949-d.html |
| 906 |
_a7 _bcbc _corignew _d1 _eocip _f19 _gy-gencatlg |
||
| 942 |
_2lcc _cBK _n0 |
||
| 999 |
_c2553 _d2553 |
||